Ground-water resources of western Tennessee, (Record no. 27056)

MARC details
000 -LEADER
fixed length control field 00811cam a22002411 4500
001 - CONTROL NUMBER
control field gs 33000412
003 - CONTROL NUMBER IDENTIFIER
control field DLC
005 - DATE AND TIME OF LATEST TRANSACTION
control field 20260227111338.0
008 - FIXED-LENGTH DATA ELEMENTS--GENERAL INFORMATION
fixed length control field 821214s1933 dcuab 000 0 eng
010 ## - LIBRARY OF CONGRESS CONTROL NUMBER
LC control number gs 33000412
035 ## - SYSTEM CONTROL NUMBER
System control number (OCoLC)29098661
040 ## - CATALOGING SOURCE
Original cataloging agency DLC
Transcribing agency MnU
Modifying agency OCoLC
-- DLC
043 ## - GEOGRAPHIC AREA CODE
Geographic area code n-us-tn
050 00 - LIBRARY OF CONGRESS CALL NUMBER
Classification number TC801
Item number .U2 no. 656
100 1# - MAIN ENTRY--PERSONAL NAME
Personal name Wells, Francis Garritt,
Dates associated with a name 1898-
245 00 - TITLE STATEMENT
Title Ground-water resources of western Tennessee,
260 ## - PUBLICATION, DISTRIBUTION, ETC.
Place of publication, distribution, etc. Washington,
Name of publisher, distributor, etc. U.S. Govt. print. off.,
Date of publication, distribution, etc. 1933.
300 ## - PHYSICAL DESCRIPTION
Extent vii, 319 p.
Other physical details incl. illus., tables, diagrs. 16 pl. (part fold. ; incl. maps (3 in pocket))
Dimensions 23 cm.
650 #0 - SUBJECT ADDED ENTRY--TOPICAL TERM
Topical term or geographic name entry element Groundwater
Geographic subdivision Tennessee.
650 #0 - SUBJECT ADDED ENTRY--TOPICAL TERM
Topical term or geographic name entry element Water-supply
Geographic subdivision Tennessee.
700 1# - ADDED ENTRY--PERSONAL NAME
Personal name Foster, Margaret D.
Fuller form of name (Margaret Dorothy),
Dates associated with a name 1895-
710 1# - ADDED ENTRY--CORPORATE NAME
Corporate name or jurisdiction name as entry element Tennessee.
Subordinate unit Division of Geology.

No items available.

Powered by Koha